Brady Quiz - Statistics

General Stats
  • This quiz has been taken 27 times
  • The average score is 11 of 15
Answer Stats
Hint Answer % Correct
What floor of my house is my room on? 3
100%
What is my favorite color? Blue
100%
What color is my car? Blue
100%
What is my favorite subject? Math
100%
What color shoes do I have? White
100%
What is my hockey number? 11
75%
How old am I? 16
75%
How tall am I? 5' 9''
75%
How old is my youngest sister? 9
75%
What is my favorite football team? Packers
75%
What is my favorite hockey team? Flyers
50%
Where was I born? (hint starts with an O) Oshkosh
50%
What is my favorite food? Spaghetti
50%
What is my favorite hockey player? Claude Giroux
25%
What hockey stick do I own? JetSpeed FT6
25%
No matching quizzes found
Score Distribution
Percent of People with Each Score
Percentile by Number Answered
Your Score History
You have not taken this quiz